| 000 | 00447nam a2200157Ia 4500 | ||
|---|---|---|---|
| 003 | GCL | ||
| 008 | 140319s9999 xx 000 0 eng d | ||
| 040 |
_aGCL / _cGCL |
||
| 082 | 0 | 4 |
_a591.51 _bL B |
| 100 | 1 | _aLYNCH, J J | |
| 245 | 1 | 0 |
_aTHE BEHAVIOUR OF SHEEP: BIOLOGICAL PRINCPLES AND IMLIRATIONS FOR PRODUCTION / _cLYNCH, J J |
| 260 |
_a[S.N] : _bC. A. B INTERNATIONAL ، _c1992 |
||
| 300 | _a237 PP | ||
| 650 | 0 | 4 | _aBIOLOGICAL |
| 942 |
_2ddc _cBK |
||
| 999 |
_c17045 _d17045 |
||